000 00727nam a2200241Ia 4500
003 OSt
005 20220926014516.0
006 a|||||r|||| 00| 0
007 ta
008 220923b |||||||| |||| 00| 0 eng d
037 _cGeneral Book
040 _aRTL
_cRTL
_beng
041 _2eng
_aeng
082 _aXM8.730k1.N6, L1
100 _aBehrman Jack N
_9126081
245 0 _aU S International Business and governments
260 _aNew York
_bMcGraw-Hill
_c1971
300 _axii, 244p
_ccm.
490 _aMcGraw-Hill series in international business. Ed by Franklin R Root.2
650 _aMultinational
942 _hXM8.730k1.N6, L1
_cGB
_2CC
999 _c629216
_d629216